MESTSKÁ KNIŽNICA GIRALTOVCE  - online katalóg 

Vtáky v tŕní (Record no. 8095)

000 -NÁVESTIE
fixed length control field 00757nam a2200229 a 4500
008 - ÚDAJE S PEVNOU DĹŽKOU – VŠEOBECNÉ INFORMÁCIE
fixed length control field 951030s1991 m yxo a 0 slo c
020 ## - MEDZINÁRODNÉ ŠTANDARDNÉ ČÍSLO KNIHY (ISBN)
Medzinárodné štandardné číslo knihy (ISBN) 8022002925
Údaje o dostupnosti 66 Kčs.
040 ## - ZDROJ KATALOGIZÁCIE
Pôvodná katalogizujúca agentúra SNK
Jazyk katalogizácie slo
Prepisujúca agentúra SNK
Konvencie popisu AACR2
041 1# - KÓD JAZYKA
Kód jazyka textu/zvukovej stopy alebo samostatných nápisov slo
Kód jazyka originálu a/alebo sprostredkujúcich prekladov textu eng
044 ## - KÓD KRAJINY VYDAVATEĽA/PRODUCENTA
Kód krajiny MARC xo
Kód krajiny ISO SK
080 ## - ČÍSLO MEDZINÁRODNÉHO DESATINNÉHO TRIEDENIA (MDT)
Číslo Medzinárodného desatinného triedenia (MDT) 821(94)-31=162.4
100 1# - OSOBNÉ MENÁ – VŠEOBECNÉ INFORMÁCIE
Osobné meno McCullough, Colleen
Dátumy súvisiace s menom 1920-
Kód roly aut
245 10 - NÁZOV
Názov Vtáky v tŕní
Údaj o zodpovednosti atď. Colleen Mac Culloughová ; [z anglického originálu preložila Katarína Karovičová]
250 ## - ÚDAJ O PORADÍ VYDANIA
Údaj o poradí vydania 2. vyd.
260 ## - VYDAVATEĽSKÉ ÚDAJE, DISTRIBÚCIA ATĎ.
Miesto publikovania, distribúcie atď. Bratislava
Názov vydavateľa, distibútora atď. Slovenský spisovateľ
Dátum publikovania, distribúcie atď. 1991
300 ## - FYZICKÝ POPIS
Rozsah 599 s.
Rozmery 21 cm
500 ## - VŠEOBECNÁ POZNÁMKA
Formátovaná poznámka o obsahu Vydal Slovenský spisovateľ, mimo edície
650 07 - PRIDANÝ VSTUP – PREDMET – TEMATICKÉ HESLO
Tematické heslo alebo geografický názov ako vstupný prvok romány austrálske
Zdroj hesla alebo termínu SNK
700 1# - PRIDANÝ VSTUP – OSOBNÉ MENO
Osobné meno Karovičová, Katarína
Kód roly trl
765 0# - VÄZBA NA PÔVODNÝ JAZYK
Názov The Thorn Birds
Záhlavie hlavného vstupu McCullough, Colleen
958 ## - Formálny deskriptor
Formálny deskriptor A
Holdings
Stav stiahnutia (Blokovanie) (Withrawn status) Stav straty Zdroj klasifikácie pre skladovanie Stav poškodenia (Damaged status) Nie pre výpožičky (Not for loan) Spôsob nadobudnutia (Collection code) Trvalé umiestnenie Aktuálne umiestnenie Dátum nadobudnutia Náklady, bežná kúpna cena Inventárne číslo (prírastkové číslo) Celkom výpožičky Celkom prolongácie (predĺženia) Full call number Čiarový kód Dátum posledného výskytu Dátum poslednej výpôžičky Cena s účinnosťou od Typ jednotky Koha
          Kúpa Mestská knižnica Giraltovce Mestská knižnica Giraltovce 2019-11-29 66.00 07568 1 1 B1770 B1770 2021-09-27 2021-08-04 2019-11-29 Krásna literatúra pre dospelých

Powered by Koha